000 02687nam a2200685 i 4500
001 28459
003 KOSZ 005
005 20220530135617.0
008 220525s1984 pl ad f f 001 0 pol
015 _aUWD 1986/2079
020 _a8301046899
_q(oprawa twarda)
035 _a991007581859705066
035 _a(PL-WaBN)b11966026-48omnis_nlop
035 _ab11966026
035 _a(OCoLC)69505766
035 _azz2003822683
035 _a(PL)b0000001196602
035 _a(EXLNZ-48OMNIS_NETWORK)9910172891905606
040 _aWA N
_cWA N
_dKOSZ 005/RW
041 1 _apol
_heng
046 _k1972
080 _a159.9
100 1 _aLindsay, Peter H.
_eAutor
245 1 0 _aProcesy przetwarzania informacji u człowieka :
_bwprowadzenie do psychologii /
_cPeter H. Lindsay, Donald A. Norman ; z oryginału angielskiego tłumaczył Artur Kowaliszyn, dodatki tłumaczyli Herbert Szafraniec (A) i Józef Radzicki (B) ; redaktor naukowy Ida Kurcz.
246 1 _iTytuł oryginalu:
_aHuman information processing :
_ban introduction to psychology,
_f1972
250 _aWydanie I.
260 _aWarszawa :
_bPaństwowe Wydawnictwo Naukowe,
_c1984.
300 _a696 stron, [4] strony tablic :
_bfotografie, ilustracje, wykresy ;
_c25 cm.
336 _aTekst
_btxt
_2rdacontent
337 _aBez urządzenia pośredniczącego
_bn
_2rdamedia
338 _aWolumin
_bnc
_2rdacarrier
380 _aKsiążki
380 _aPublikacje dydaktyczne
380 _aPublikacje naukowe
388 1 _a1901-2000
388 1 _a1945-1989
504 _aBibliografia na stronach [666]-689. Indeksy.
650 7 _aJęzyk
_2DBN
650 7 _aMotywacja
_2DBN
650 7 _aPamięć
_2DBN
650 7 _aPsychologia poznawcza
_2DBN
650 7 _aPercepcja słuchowa
_2DBN
650 7 _aPercepcja wzrokowa
_2DBN
650 7 _aRozwój poznawczy
_2DBN
650 7 _aUczenie się
_2DBN
650 7 _aUkład nerwowy
_2DBN
655 7 _aOpracowanie
_2DBN
655 7 _aPodręcznik
_2DBN
658 _aPsychologia
700 1 _aKowaliszyn, Artur
_eTłumaczenie
700 1 _aKurcz, Ida
_d(1930- )
_eRedakcja
700 1 _aNorman, Donald A.
_d(1935- )
_eAutor
700 1 _aRadzicki, Józef
_eTłumaczenie
700 1 _aSzafraniec, Herbert
_d(1941-2013)
_eTłumaczenie
710 2 _aPaństwowe Wydawnictwo Naukowe
_4pbl
710 2 _aDrukarnia im. Rewolucji Październikowej (Warszawa)
_4prt
856 _uhttp://koha.tu.koszalin.pl/cgi-bin/koha/opac-detail.pl?biblionumber=28459
_yKatalog online BPK
942 _2UKD
_cKS
999 _c28459
_d28459